Catálogo
 En Linea

Día de las madres. (Registro nro. 31972)

Detalles MARC
000 -CABECERA
campo de control de longitud fija 00785nam a2200205 a 4500
001 - NÚMERO DE CONTROL
campo de control 000032481
005 - FECHA Y HORA DE LA ÚLTIMA TRANSACCIÓN
campo de control 20200930065649.0
008 - DATOS DE LONGITUD FIJA--INFORMACIÓN GENERAL
campo de control de longitud fija 110718s1928 dr r 000 0 spa d
040 ## - FUENTE DE LA CATALOGACIÓN
Centro catalogador/agencia de origen DO-SdBNP
Lengua de catalogación spa
Centro/agencia transcriptor BNPHU
082 ## - NÚMERO DE LA CLASIFICACIÓN DECIMAL DEWEY
Número de clasificación 394.2697293
Número de documento/Ítem L832d
100 1# - ENTRADA PRINCIPAL--NOMBRE DE PERSONA
Nombre de persona Lograño, Arturo
9 (RLIN) 58427
245 10 - MENCIÓN DE TÍTULO
Título Día de las madres.
260 ## - PUBLICACIÓN, DISTRIBUCIÓN, ETC.
Lugar de publicación, distribución, etc. Santo Domingo :
Nombre del editor, distribuidor, etc. Imprenta de J. R. Vda. García Suc.,
Fecha de publicación, distribución, etc. [1928].
300 ## - DESCRIPCIÓN FÍSICA
Extensión 8p. ;
Dimensiones 24 cm.
500 ## - NOTA GENERAL
Nota general Conferencia por radio pronunciada por el Lcdo. Arturo Logroño el día de las madres 26 de mayo de 1928
590 ## - NOTA LOCAL (RLIN)
Nota local Inventariado, 2018/MFF
650 #4 - PUNTO DE ACCESO ADICIONAL DE MATERIA--TÉRMINO DE MATERIA
Término de materia o nombre geográfico como elemento de entrada Día de las madres
Subdivisión de forma ENSAYOS, CONFERENCIAS, ETC.
9 (RLIN) 58428
650 #4 - PUNTO DE ACCESO ADICIONAL DE MATERIA--TÉRMINO DE MATERIA
Término de materia o nombre geográfico como elemento de entrada Días festivos
Subdivisión geográfica República Dominicana
Subdivisión de forma ENSAYOS, CONFERENCIAS, ETC.
9 (RLIN) 58429
910 ## - DATOS DE OPCIÓN DEL USUARIO (OCLC)
Datos de opción del usuario Validado. Control de calidad MFF
Existencias
Estado de retiro Estado de pérdida Restricciones de uso No para préstamo Código de colección Localización permanente Ubicación/localización actual Ubicación en estantería Fecha de adquisición Número de inventario Total de préstamos Signatura topográfica completa Código de barras Fecha visto por última vez Precio válido a partir de Tipo de ítem Koha Nota pública
      Excluido de préstamo Raros y valiosos Patrimonio Dominicano Patrimonio Dominicano Depósito 18.07.2011 LF1   394.2697293 L832d 32481-10 25.06.2020 25.06.2020 No se presta Perteneció a la biblioteca personal de Martínez Boog

Con tecnología Koha